000 00965cab a2200265 4500
001 ABS48131
008 090401t1993 xxu||||| |||| 00| 0 eng d
035 _a(Sirsi) u65153
041 _aeng
100 _aWilliams, H.
245 _aForced sale valuations: time for re-examination?
260 _c1993
350 _a0
490 _aEstates Gazette
_v(9306) 13 February 1993, 77-81(2)
520 _aRevises the assumptions currently underlying forced sale valuations to reflect more accurately today`s recessionary conditions. Unrealistically brief hypothetical sale periods for instance are due for reappraisal. The practical difficulties of such valuations are addressed.
650 _aASSET VALUATION
650 _aFORCED SALE VALUATIONS
650 _aInsolvency
_96247
650 _aRECEIVERSHIP
650 _aRICS APPRAISAL AND VALUATION MANUAL
650 _aSAVP NO 17
690 _aRATING AND VALUATION
942 _n0
948 _c04/03/1997
999 _c40617
_d40617